000 01109nam a22002537a 4500
005 20210325204242.0
008 s2551 th tha d
020 _a9789742241742
041 _atha
050 _aHD38.2 ซ332
_b 2551
245 1 0 _aSECRETS OF CEOs เคล็ดลับผู้บริหารระดับโลก
260 3 _aกรุงเทพฯ :
_bไอ เอ็ม บุ๊คส์,
_c2551
300 _a384 หน้า :
_b ภาพประกอบ ;
_c 22 ซม
610 _aบริษัท ไอ เอ็ม บุ๊คส์
650 0 4 _aความสามารถทางการบริหาร
650 0 4 _aผู้บริหาร -- สหรัฐอเมริกา
650 0 4 _aนักบริหาร
650 0 4 _aผู้บริหารระดับสูง
850 _aNALT
942 _cGB
_04
997 _a36658 ฉ.1 36659 ฉ.2
997 _c000000000060352
998 _aนางสาวสุพันดา สุภาพ
999 _c60352
_d60352